000 00711nam a22001337a 4500
040 _cRUA
082 _aAGR SRE 2016 B606 Or.1
100 _aSRENG KINNIN,ស្រេង គីននីន
245 _acompaarison of difference rate of urea on lettuce (lactuca sativa l.)in saang district,kandal province,ប្រៀបធៀបកម្រិតជីអ៊ុយរ៉េខុសៗគ្នាទៅលើដំណាំសាលាដនៅក្នុងស្រុកស្អាងខេត្តកណ្តាល
260 _aphnom penh
_brua
_c2016
300 _axi;40p;
_bill;
_c29cm;
856 _uhttps://drive.google.com/file/d/10pEnAZ4hy2xxNWbmwV17Bxz0XhS8ecI6/view?usp=sharing
942 _cAGR
999 _c17122
_d17122